Normal view
MARC view
Entry Personal Name
001 - CONTROL NUMBER
- control field: 816742
003 - CONTROL NUMBER IDENTIFIER
- control field: OSt
005 - DATE AND TIME OF LATEST TRANSACTION
- control field: 20250729103612.0
008 - FIXED-LENGTH DATA ELEMENTS
- fixed length control field: 250729|| aca||aabn | a|a d
040 ## - CATALOGING SOURCE
- Original cataloging agency: OSt
- Transcribing agency: OSt
100 ## - HEADING--PERSONAL NAME
- Personal name: Cannella, Di Mario
670 ## - SOURCE DATA FOUND
- Source citation: Work cat.: (OSt)1434350: Cannella, Di Mario, Il primo zanichelli:, 1996
